Just One Consonant (A-Z) Quiz Stats

 Plays Quiz Updated Mar 15, 2019

Score 0/20 Timer 03:00
1 Play Today
Consonant Word % Correct
Nonion
93.3%
Xaxe
93.1%
Ddodo
89.7%
Yeye
88.7%
BABBA
88.1%
Qqueue
86%
Ttattoo
84.4%
HOhio
83.5%
Memu
80.7%
Kkoi
80.2%
Consonant Word % Correct
WIowa
76.1%
Ggauge
75.3%
Soasis
71.5%
Raurora
69.9%
Ffife
58.5%
Ppupa
58.4%
Ccacao
57.8%
ZZazu
50.4%
Laioli
37.3%
VEevee
31.2%

You're not logged in!

Compare scores with friends on all Sporcle quizzes.
OR
Log In

Sporcle TV

Today on Sporcle TV


Watch our educational content, quiz creation guides, and fun videos on Sporcle TV.

Show Comments

Extras

Top Quizzes Today


Score Distribution

Your Account Isn't Verified!

In order to create a playlist on Sporcle, you need to verify the email address you used during registration. Go to your Sporcle Settings to finish the process.

Report this User

Report this user for behavior that violates our Community Guidelines.

Details: